000 00288nam a22001337a 4500
008 170823b xxu||||| |||| 00| 0 eng d
020 _a0226005305
041 _aeng
080 _a514
100 _a38
101 _aMAT
245 _aLECTURES ON LIE GROUPS
_cADAMS,J,F
942 _2udc
_cBK
999 _c24668
_d24668